Nils - Statistieken

Algemene statistieken
  • Deze quiz is 4 keer genomen
  • De gemiddelde score is 7 van 15
Antwoordstatistieken
Vraag Antwoord % Correct
Hoeveel broers en zussen heeft Nils? 1
100%
Hoe vaak gaat Nils gemiddeld naar de gym? 4 keer
100%
Hoe oud is Nils? 15
67%
Is Nils een mooie jongen? Ja
67%
Wat is Nils zijn favo F1 team? McLaren
67%
Welke dag is Nils jarig? 3 maart
33%
Wat is Nils zijn achternaam? Beijk
33%
Wat is Nils zijn favo film? Cars
33%
Welke club hockeyt Nils? HC Kromme rijn
33%
wie is Nils zijn favo Artiest? (rapper) Kendrick Lamar
33%
Wat is Nils zijn favo internationale voetbal club? Liverpool
33%
Wat is Nils zijn favo drankje? Monster
33%
Welk dorp woont Nils? Odijk
33%
Wat is Nils zijn favo NFL team? Ravens
33%
Wat is Nils zijn favo serie? Suits
33%
Geen overeenkomende quizzen gevonden
Scoreverdeling
Procent van Mensen met Elke Score
Percentiel versus Aantal Correcte Antwoorden
Uw Scoregeschiedenis
U heeft deze quiz nog niet genomen